=LDR 00000nam 2200000 4500 =001 001045 =005 20250712034102 =035 ##$$a 0010-0725000925 =007 ta =008 250712################a##########0#ind## =020 ##$$a 978-623-307-686-9 =082 ##$$a 398.209 598 =084 ##$$a 398.209 598 MAR r =100 #$$a marundu, florenca =245 1#$$a Rumah ibu kijang /$c florenca marundu =250 ##$$a Pertama =260 ##$$a Jakarta :$b Badan pengembangan dan pembinaan bahasa,$c 2022 =300 ##$$a 22hlm. : $b ilus. ; $c 22,9 cm =650 #4$$a Cerita anak Indonesia terjemahan =650 #4$$a Literasi bahan bacaan =990 ##$$a TBM202401005